Video Games General Knowledge #2 - Statistics

General Stats
  • This quiz has been taken 670 times
  • The average score is 8 of 15
Answer Stats
Hint Answer % Correct
Which real-life boxer starred in the NES version of Punch-Out! until the game was rereleased with Mr. Dream? Mike Tyson
89%
Minecraft
80%
What video game series involves characters from the Final Fantasy series as well as various Disney properties? Kingdom Hearts
72%
"I used to be an adventurer like you... then I took an arrow in the knee" is from what game? The Elder Scrolls V: Skyrim
72%
What YouTube channel featuring game reviews and Let's Play commentaries is the most subscribed channel on all of YouTube? PewDiePie
66%
What are the only three video games to have sold more than 100 million copies? Tetris
64%
What was the last console produced by Sega? DreamCast
59%
How many Pokémon can be caught in the first generation of Pokémon games (Red, Blue, and Yellow)? 151
57%
What NES game used the Zapper light gun and was sometimes packaged in with Super Mario Bros.? Duck Hunt
55%
Grand Theft Auto V
53%
Who is the creator of Mario, The Legend of Zelda, and several of Nintendo's other most famous series? Shigeru Miyamoto
47%
What family of vampire hunters is featured heavily in the Castlevania series? Belmont
41%
What game console originally began development as a CD-ROM add-on for the Super Famicom/SNES? Sony PlayStation
36%
The poorly translated phrase "All your base are belong to us" comes from what game? Zero Wing
12%
What 1994 arcade rail shooter involved rescuing members of the band Aerosmith from the oppressive New Order Nation? Revolution X
4%
No matching quizzes found
Score Distribution
Percent of People with Each Score
Percentile by Number Answered
Your Score History
You have not taken this quiz